Ruleta rusa / (Registro nro. 5099)

000 -CABECERA
campo de control de longitud fija 01152nam a2200289 u 4500
001 - NÚMERO DE CONTROL
campo de control 000055541
005 - FECHA Y HORA DE LA ÚLTIMA TRANSACCIÓN
campo de control 20200120223120.0
008 - DATOS DE LONGITUD FIJA--INFORMACIÓN GENERAL
campo de control de longitud fija 130606s1993 ck jr 000 f spa d
020 ## - NÚMERO INTERNACIONAL ESTÁNDAR DEL LIBRO
Número Internacional Estándar del Libro 958612150X.
041 0# - CÓDIGO DE LENGUA
Código de lengua del texto/banda sonora o título independiente /spa
043 ## - CÓDIGO DE ÁREA GEOGRÁFICA
Código de área geográfica s-ck---
090 ## - LOCALMENTE ASIGNADO TIPO-LC NÚMERO DE CLASIFICACIÓN (OCLC); NÚMERO DE CLASIFICACIÓN LOCAL (RLIN)
Número de clasificación (OCLC) (R) ; Numero de clasificación, CALL (RLIN) (NR) AT
Número cutter local (OCLC) ; Número de libro/Signatura topográfica íntegra, CALL (RLIN) VIVr
100 1# - ENTRADA PRINCIPAL--NOMBRE DE PERSONA
Nombre de persona Viviescas Monsalve, Víctor Raúl
Fechas asociadas al nombre 1958-
245 10 - MENCIÓN DE TÍTULO
Título Ruleta rusa /
Mención de responsabilidad, etc. Raúl Viviescas Monsalve.
250 ## - MENCIÓN DE EDICIÓN
Mención de edición 1a. ed.
260 ## - PUBLICACIÓN, DISTRIBUCIÓN, ETC.
Lugar de publicación, distribución, etc. Bogotá :
Nombre del editor, distribuidor, etc. Colcultura,
Fecha de publicación, distribución, etc. 1993.
300 ## - DESCRIPCIÓN FÍSICA
Extensión 114 p.
490 0# - MENCIÓN DE SERIE
Mención de serie Premios Nacionales 93.
-- Dramaturgia
520 03 - SUMARIO, ETC.
Sumario, etc. "El sótano, guarida de compinches que se esconden luego de una traición, cárcel que los sumerge en un incansable juego de reproches, manipulaciones, torturas, sexo e intereses propios que al igual que en la ruleta rusa, nunca se sabe con certeza, si en la próxima tamboreada la bala quedará tras el cañón ".
500 ## - NOTA GENERAL
Nota general Recomendado para adultos
500 ## - NOTA GENERAL
Nota general Premio Nacional de Literatura, 1993.
650 14 - PUNTO DE ACCESO ADICIONAL DE MATERIA--TÉRMINO DE MATERIA
Término de materia o nombre geográfico como elemento de entrada Teatro adulto colombiano.
650 24 - PUNTO DE ACCESO ADICIONAL DE MATERIA--TÉRMINO DE MATERIA
Término de materia o nombre geográfico como elemento de entrada Literatura adulto colombiana.
650 24 - PUNTO DE ACCESO ADICIONAL DE MATERIA--TÉRMINO DE MATERIA
Término de materia o nombre geográfico como elemento de entrada Traición en la literatura.
650 24 - PUNTO DE ACCESO ADICIONAL DE MATERIA--TÉRMINO DE MATERIA
Término de materia o nombre geográfico como elemento de entrada Juegos en la literatura.
650 24 - PUNTO DE ACCESO ADICIONAL DE MATERIA--TÉRMINO DE MATERIA
Término de materia o nombre geográfico como elemento de entrada Drama en la literatura.
Existencias
Estado de retiro Estado de pérdida Fuente del sistema de clasificación o colocación Estado dañado No para préstamo Código de colección Localización permanente Ubicación/localización actual Fecha de adquisición Número de inventario Total de préstamos Signatura topográfica completa Código de barras Fecha visto por última vez Número de copia Precio válido a partir de Tipo de ítem Koha Nota pública
          Literatura Adulto Biblioteca Pública San Juan Bosco Biblioteca Pública San Juan Bosco 20/01/2020 100335   AT VIVr MOS005142 05/01/2021 ej.1 20/01/2020 Libro Literatura Quince días

© Todos los derechos reservados para la Biblioteca Pública Municipal San Juan Bosco, 2020
Secretaria de Cultura de Mosquera
Carrera 3 N° 10 Esquina Centro Cultural Barrio El Carmén Teléfono: 8270830 Ext: 34
Funcionando con KOHA
Contacto: Biblioteca Pública Municipal San Juan Bosco/ bibliotecasanjuanbosco@mosquera-cundinamarca.gov.co
Mosquera, Cundinamarca